Anime characters by tattoo - Statistics

General Stats
  • This quiz has been taken 191 times
  • The average score is 8 of 20
Answer Stats
Picture Answer % Correct
Ryomen Sukuna
91%
Hisoka Morow
83%
Mash Burnedead
74%
Edward Newgate
72%
Portgas D. Ace
72%
Nami
62%
Sasuke Uchiha
62%
Fairy tail guilde
56%
Trafalgar D. Law
56%
Gaara of the Desert
49%
Senku Ishigami
45%
Nelliel Tu Odelschwanck
20%
Shizuku Murasaki
18%
Hatsune Miku
16%
Ouroboros
14%
Riza Hawkeye
7%
Yoruichi Shihouin
7%
Kamina
4%
Rebecca
3%
Violet
3%
No matching quizzes found
Score Distribution
Percent of People with Each Score
Percentile by Number Answered
Your Score History
You have not taken this quiz